LEADER 00890nam0 2200265 450 001 000033149 005 20130515125417.0 100 $a20120605d1960----km-y0itaa50------ba 101 0 $aita 102 $aIT 200 1 $aLettere a Vilna$fFrancesco Tentori 210 $aFirenze$cVallecchi$d1960 215 $a59 p.$d19 cm 225 2 $aLetteratura contemporanea$iPoesia 410 0$12001$aLetteratura contemporanea$iPoesia 700 1$aTentori,$bFrancesco$0442241 801 0$aIT$bUniversità della Basilicata - B.I.A.$gRICA$2unimarc 912 $a000033149 996 $aLettere a Vilna$999046 997 $aUNIBAS BAS $aLETTERE CAT $aSTD078$b01$c20120605$lBAS01$h1348 CAT $aTTM$b30$c20130515$lBAS01$h1254 FMT Z30 -1$lBAS01$LBAS01$mBOOK$1BASA1$APolo Storico-Umanistico$2GEN$BCollezione generale$3FP/54043$654043$5L54043$820120605$f02$FPrestabile Generale